Human resources, creativity and innovation <the> conflict between homo faber and homo ludens
Gespeichert in:
| 1. Verfasser: | |
|---|---|
| Format: | Buch |
| Sprache: | Englisch |
| Veröffentlicht: |
Laxenburg
International Institute for Applied Systems Analysis
1982
|
| Tags: |
Keine Tags, Fügen Sie das erste Tag hinzu!
|
MARC
| LEADER | 00000nam a2200000 4500 | ||
|---|---|---|---|
| 001 | c129313 | ||
| 005 | 20041019155246.0 | ||
| 041 | 0 | |a eng | |
| 044 | |a AT | ||
| 245 | 1 | 0 | |a Human resources, creativity and innovation |b <the> conflict between homo faber and homo ludens |c Heinz-Dieter Haustein |
| 264 | 1 | |a Laxenburg |b International Institute for Applied Systems Analysis |c 1982 | |
| 300 | |a S. 243-255 | ||
| 500 | |a Separát z : Behavioral Science, vol. 26 number 3 (1981) | ||
| 100 | 1 | |a Haustein, Heinz-Dieter | |